Online katalóg knižníc regiónu Turca

Konzervovanie ovocia, zeleniny a mäsa v domácnosti / (Record no. 20287)

MARC details
000 -LEADER
fixed length control field 00571nam a2200181 4500
001 - CONTROL NUMBER
control field 20287
003 - CONTROL NUMBER IDENTIFIER
control field CZ PrNK
005 - DATE AND TIME OF LATEST TRANSACTION
control field 20260120154704.0
008 - FIXED-LENGTH DATA ELEMENTS--GENERAL INFORMATION
fixed length control field 930617s1964 xo slo
040 ## - CATALOGING SOURCE
Original cataloging agency ABA001
Language of cataloging cze
Modifying agency ABA001
100 1# - MAIN ENTRY--PERSONAL NAME
Personal name Balaštík, Jaroslav,
Dates associated with a name 1925-2014
Relationship aut
245 10 - TITLE STATEMENT
Title Konzervovanie ovocia, zeleniny a mäsa v domácnosti /
Statement of responsibility, etc. Jaroslav Balaštík
250 ## - EDITION STATEMENT
Edition statement 2., dopl. vyd.
260 ## - PUBLICATION, DISTRIBUTION, ETC.
Place of publication, distribution, etc. Bratislava :
Name of publisher, distributor, etc. Slovenské vydavateľstvo pôdohospodárskej literatúry,
Date of publication, distribution, etc. 1964
300 ## - PHYSICAL DESCRIPTION
Extent 382 s. :
Other physical details il. ;
Dimensions
910 ## - USER-OPTION DATA (OCLC)
User-option data ABA001
942 ## - ADDED ENTRY ELEMENTS (KOHA)
Source of classification or shelving scheme Dewey Decimal Classification
Koha item type Odborná literatúra pre dospelých
Suppress in OPAC No
Holdings
Stav vyradenia Strata Poškodenie Spôsob nadobudnutia Domovská knižnica Aktuálna knižnica Dátum nadobudnutia Total checkouts Čiarový kód exemplára Date last seen Typ exemplára
      Dar Obecná knižnica Horná Štubňa Obecná knižnica Horná Štubňa 20.01.2026   4736200316 20.01.2026 Odborná literatúra pre dospelých
Projekt je podporený Slovenskou asociáciou knižníc
Prevádzkuje Turčianska knižnica Martin 2026